Les plus grandes villes de Guadeloupe avec une carte - Statistiques

Statistiques générales
  • Ce quiz a été pris 142 fois
    127 depuis la dernière actualisation
  • Le résultat moyen est 13 sur 22
Réponses sur la Carte
Les réponses sont colorées sur une échelle allant du rouge au vert en fonction du pourcentage des utilisateurs qui les ont devinées à leur premier essai. Vous pouvez retrouver ces pourcentages ci-dessous.
 
Statistiques - réponses
Réponse % Correct
Pointe-à-Pitre
88%
Basse-Terre
84%
Les Abymes
82%
St-Anne
76%
St-François
76%
Le Moule
75%
St-Rose
69%
Gosier
63%
Deshaies
60%
Petit-Bourg
60%
Bouillante
58%
Petit-Canal
57%
Capesterre-Belle-Eau
56%
Pointe-Noire
56%
Trois-Rivières
56%
Goyave
55%
Morne-à-l'Eau
53%
Port-Louis
53%
Anse-Bertrand
52%
St-Claude
47%
Vieux-habitants
43%
Poirier
3%
Aucun quiz correspondant
Distribution des résultats
% des personnes avec chaque résultat
Percentile par nombre de réponses
Votre historique - résultats
Vous n’avez pas pris ce quiz depuis la dernière actualisation